Представление документа в формате RUSMARC

ПолеНазваниеЗначение
  Тип записи a
  Библиографический уровень a
001 Контрольный номер RU/CBS_UL/BASE/b6376a05d4d1402da899801db3fc8f41
005 Дата корректировки 20241102114407.4
100 Данные общей обработки __
a Данные общей обработки 20230805 ||| 0rusy0189 ca
101 Язык документа 0_
a Язык текста rus
102 Страна публикации __
a Страна публикации RU
200 Заглавие и сведения об ответственности 1_
a Заглавие "Прощание славянки" для ровесников из 1941-го
e Сведения, относящиеся к заглавию [рассказ бывшего руководителя Союза поисковых отрядов Украины Д. Заборина о святых находках на поле последнего боя донбассовцев]
f Первые сведения об ответственности Д. Заборин
300 Общие примечания __
a Общие примечания 16+
461 Уровень набора _0
1 2000
a Родина
463 Уровень физической единицы _0
1 2000
a № 5
v С. 16-18 : фот.
1 2101
d 2023
1 001RU/CBS_UL/BASE/56f62d80dca541309c75a91766a95ded
606 Тематические рубрики 0_
a Основная рубрика Герои и участники Великой Отечественной войны - 1941-1945 - Увековечение памяти
610 Ключевые слова 0_
a Ключевые слова войны
610 Ключевые слова 0_
a Ключевые слова ВОВ
610 Ключевые слова 0_
a Ключевые слова участники ВОВ
610 Ключевые слова 0_
a Ключевые слова война Великая Отечественная
610 Ключевые слова 0_
a Ключевые слова поисковые движения
610 Ключевые слова 0_
a Ключевые слова поисковые движения на Украине
610 Ключевые слова 0_
a Ключевые слова работа поисковиков
610 Ключевые слова 0_
a Ключевые слова память павших
610 Ключевые слова 0_
a Ключевые слова некрополистика
686 Индексы других классификаций __
2 Код системы rubbk
a Классификационный индекс 63.3(2)622.8
700 Автор _1
a Фамилия Заборин
b Имя (инициалы) Д.
801 Источник записи _0
a Страна RU
b Организация МБУК ЦБС г. Ульяновска
c Дата составления 20230805
g Правила каталогизации RCR
801 Источник записи _1
a Страна RU
b Организация МБУК ЦБС г. Ульяновска
c Дата составления 20230805
g Правила каталогизации RCR
901 Тип документа __
t Тип документа b
w Контрольный № источника RU/CBS_UL/BASE/56f62d80dca541309c75a91766a95ded